[Event "SSkopje MKD"]
[Site "SSkopje MKD"]
[Date "2014.03.30"]
[Round "2.58"]
[White "Imeri, Nazmidin"]
[Black "Kanmazalp, Ogulcan"]
[Result "0-1"]
[WhiteElo "1904"]
[BlackElo "2416"]
[PlyCount "140"]
[EventDate "2014.03.29"]
[EventType "swiss"]
[EventRounds "9"]

1. e4 c5 2. c3 Nf6 3. d3 Nc6 4. Nf3 g6 5. Be2 Bg7 6. O-O O-O 7. h3 d6 8. Nbd2
e5 9. Nc4 h6 10. Nh2 d5 11. exd5 Nxd5 12. Bf3 Be6 13. Ne3 Nf4 14. Qa4 Qc7 15.
Qc2 Rad8 16. Rd1 f5 17. Nef1 g5 18. Be3 Ne7 19. Bxf4 gxf4 20. a4 Kh8 21. a5 c4
22. dxc4 e4 23. Be2 Ng6 24. Nd2 Qe5 25. Nb3 Nh4 26. Nd4 Bf7 27. Kh1 Rg8 28. Rg1
Bf8 29. b4 Bd6 30. f3 Bxb4 31. fxe4 Bxc3 32. Qxc3 Qxd4 33. Qxd4+ Rxd4 34. exf5
Nxf5 35. Nf1 Bxc4 36. Bxc4 Rxc4 37. Rb1 Rg7 38. Rb5 Nd4 39. Re5 Nc6 40. Rh5 Kh7
41. Nd2 Ra4 42. Nb3 a6 43. Rf5 Rb4 44. Nd2 Rg5 45. Rf7+ Kg6 46. Rc7 Rxa5 47.
Nf3 Rd5 48. Re1 a5 49. Re6+ Kf5 50. Rxh6 a4 51. Rf7+ Ke4 52. Re6+ Kd3 53. Rf8
a3 54. Ra8 Na5 55. Ne1+ Kc3 56. Re2 Ra4 57. Rc8+ Nc4 58. Nc2 a2 59. h4 b5 60.
Kh2 a1=Q 61. Nxa1 Rxa1 62. Rf2 Rd4 63. h5 b4 64. Rf3+ Kd2 65. Rb3 Ne3 66. Rb2+
Kd3 67. Rc5 Rc4 68. Rb5 Rcc1 69. Rb3+ Kc2 70. Rc5+ Kxb3 0-1

[Event "SSkopje MKD"]
[Site "SSkopje MKD"]
[Date "2014.03.30"]
[Round "2.59"]
[White "Kohlweyer, Bernd"]
[Black "Karatrajkov, Nikola"]
[Result "1-0"]
[WhiteElo "2416"]
[BlackElo "1766"]
[PlyCount "60"]
[EventDate "2014.03.29"]
[EventType "swiss"]
[EventRounds "9"]

1. Nf3 Nf6 2. c4 e6 3. g3 d5 4. Bg2 c6 5. b3 g6 6. O-O Nbd7 7. Bb2 Bg7 8. Qc2
O-O 9. Nc3 Re8 10. d4 Nf8 11. Rfd1 Qe7 12. e4 dxe4 13. Nxe4 N8d7 14. Re1 Nxe4
15. Rxe4 Nf6 16. Re2 Qd8 17. Rd1 Bd7 18. Ne5 Rc8 19. Bc1 Qc7 20. g4 Rf8 21. Bg5
h6 22. Bh4 Be8 23. Bg3 Qd8 24. h3 Nd7 25. c5 Kh8 26. Nc4 Nf6 27. Nd6 Ra8 28.
Nxb7 Qd7 29. Nd6 Ng8 30. b4 a6 1-0

[Event "SSkopje MKD"]
[Site "SSkopje MKD"]
[Date "2014.03.30"]
[Round "2.61"]
[White "Citoler Serrat, Adriano"]
[Black "Drazic, Sinisa"]
[Result "0-1"]
[WhiteElo "1871"]
[BlackElo "2415"]
[PlyCount "60"]
[EventDate "2014.03.29"]
[EventType "swiss"]
[EventRounds "9"]

1. e4 Nf6 2. e5 Nd5 3. d4 d6 4. Nf3 Nb6 5. a4 a5 6. Be2 Nc6 7. exd6 exd6 8. c4
Be7 9. Be3 O-O 10. Nc3 Nb4 11. O-O Bf5 12. Rc1 c6 13. Re1 Re8 14. h3 h6 15. b3
Bf6 16. Qd2 Qd7 17. Nh2 Bg6 18. d5 Bxc3 19. Qxc3 Na2 20. Qd4 c5 21. Qh4 Nxc1
22. Rxc1 Rxe3 23. fxe3 Qe8 24. Qf4 Nd7 25. Nf3 Qe7 26. Kf2 Re8 27. Rc3 Bb1 28.
Bd3 g5 29. Qf5 Qxe3+ 30. Kf1 Nf8 0-1

[Event "SSkopje MKD"]
[Site "SSkopje MKD"]
[Date "2014.03.30"]
[Round "2.62"]
[White "Berkes, Ferenc"]
[Black "Demircioglu, Emre"]
[Result "1-0"]
[WhiteElo "2687"]
[BlackElo "2152"]
[PlyCount "145"]
[EventDate "2014.03.29"]
[EventType "swiss"]
[EventRounds "9"]

1. d4 d5 2. c4 c6 3. Nc3 Nf6 4. e3 a6 5. Nf3 b5 6. c5 Bg4 7. h3 Bxf3 8. gxf3
Nbd7 9. f4 e6 10. Bd2 a5 11. Bd3 Rb8 12. Qc2 g6 13. Ne2 Nh5 14. Ng1 Ng7 15. Nf3
Nf5 16. O-O-O Be7 17. Kb1 Nh4 18. Ne5 Nxe5 19. fxe5 Nf5 20. Bc1 Bh4 21. Rhg1
Rb7 22. f3 Rd7 23. Rg4 Nh6 24. Rg2 Nf5 25. Rgg1 Rf8 26. Qh2 Qe7 27. Rg4 Nh6 28.
Rg2 Nf5 29. Qg1 Qd8 30. Qh2 Rh8 31. Bd2 a4 32. a3 Rb7 33. Bc2 Rd7 34. Qg1 Be7
35. Bc3 Nh4 36. Rf2 Kf8 37. e4 Kg7 38. Rff1 Re8 39. Be1 h5 40. Qe3 Ng2 41. Qd3
Nxe1 42. Rfxe1 Rh8 43. Rg1 Kf8 44. f4 dxe4 45. Qxe4 Rd5 46. Qe3 Qd7 47. Be4 Kg7
48. Qd3 Kf8 49. Ka1 Rg8 50. Qe3 Rg7 51. Rd3 Rg8 52. Rgd1 Kg7 53. Qf3 Rd8 54.
Qg2 Kh6 55. Rg3 Rg8 56. Bxd5 exd5 57. Qc2 f5 58. exf6 Bxf6 59. f5 g5 60. Re1
Re8 61. Rge3 Rxe3 62. Rxe3 Kg7 63. Re6 Qc7 64. Rd6 Qc8 65. Ka2 g4 66. hxg4 hxg4
67. Re6 Qc7 68. Qf2 Kf7 69. Qe3 Kg7 70. Rd6 Qe7 71. Qxe7+ Bxe7 72. Rg6+ Kf7 73.
Rxg4 1-0

[Event "SSkopje MKD"]
[Site "SSkopje MKD"]
[Date "2014.03.30"]
[Round "2.63"]
[White "Injac, Teodora"]
[Black "Georgiev, Kiril"]
[Result "0-1"]
[WhiteElo "1871"]
[BlackElo "2625"]
[PlyCount "100"]
[EventDate "2014.03.29"]
[EventType "swiss"]
[EventRounds "9"]

1. d4 Nf6 2. c4 c5 3. e3 g6 4. Nf3 Bg7 5. Nc3 cxd4 6. exd4 d5 7. Bd3 O-O 8. O-O
Nc6 9. h3 dxc4 10. Bxc4 Na5 11. Bb3 b6 12. d5 Bb7 13. Re1 Nxb3 14. Qxb3 Bxd5
15. Nxd5 Nxd5 16. Bg5 Qd6 17. Rad1 e6 18. Be7 Qxe7 19. Rxd5 Rfd8 20. Rxd8+ Rxd8
21. Qb5 Qc7 22. b3 h6 23. Qe2 Rd5 24. Rd1 Rc5 25. Qd2 Rc2 26. Qd8+ Bf8 27. Qxc7
Rxc7 28. Rd2 Kg7 29. Kh2 Bb4 30. Re2 Rc3 31. Nd4 a6 32. Rc2 Bd6+ 33. g3 Rd3 34.
Ne2 g5 35. Kg2 Bc5 36. Nc3 Bb4 37. Ne2 Kf6 38. Rc4 Bc5 39. Rc2 Ke5 40. Kf1 f5
41. Nc1 Rd4 42. Ke2 Ke4 43. f3+ Kd5 44. Rc3 h5 45. Rd3 Ba3 46. Rxd4+ Kxd4 47.
Nd3 Bd6 48. h4 gxh4 49. gxh4 Bg3 50. a3 a5 0-1

[Event "SSkopje MKD"]
[Site "SSkopje MKD"]
[Date "2014.03.30"]
[Round "2.64"]
[White "Nevednichy, Vladislav"]
[Black "Makoli, Perparim"]
[Result "1-0"]
[WhiteElo "2591"]
[BlackElo "2242"]
[PlyCount "123"]
[EventDate "2014.03.29"]
[EventType "swiss"]
[EventRounds "9"]

1. e4 c5 2. Nf3 e6 3. d3 b5 4. g3 Bb7 5. Bg2 Nf6 6. O-O d6 7. Re1 Be7 8. Nbd2
O-O 9. d4 cxd4 10. Nxd4 Qb6 11. N2b3 a6 12. g4 g6 13. g5 Nfd7 14. h4 Ne5 15.
Be3 Qc7 16. a4 bxa4 17. Nd2 Nbc6 18. Rxa4 Nxd4 19. Bxd4 f6 20. f4 Nc6 21. Be3
fxg5 22. hxg5 Qd7 23. Nc4 Rad8 24. Bh3 d5 25. exd5 Qxd5 26. Qxd5 exd5 27. Na5
Nxa5 28. Be6+ Rf7 29. Rxa5 Bb4 30. Rea1 Bxa5 31. Rxa5 Re8 32. Bxf7+ Kxf7 33.
Kf2 Ke6 34. Ra3 Rc8 35. c3 Kf5 36. Ke2 Re8 37. Rb3 Re7 38. Rb6 Ke4 39. Bc5 Rd7
40. Rf6 Bc8 41. Rf8 Bb7 42. Rf6 Bc8 43. b4 Rg7 44. Kd2 Rc7 45. Rf8 Bh3 46. Re8+
Kf3 47. Kd3 Rd7 48. Re3+ Kg4 49. Kd4 Bg2 50. Re6 Kxf4 51. Rxa6 Kxg5 52. b5 Rf7
53. b6 Rf4+ 54. Ke5 Rf5+ 55. Kd6 Rf6+ 56. Ke7 d4 57. b7 Rxa6 58. b8=Q Bh3 59.
Qg3+ Bg4 60. cxd4 Re6+ 61. Kf7 h5 62. Be7+ 1-0

[Event "SSkopje MKD"]
[Site "SSkopje MKD"]
[Date "2014.03.30"]
[Round "2.65"]
[White "Franco Alonso, Alejandro"]
[Black "Minko, Dmitry"]
[Result "1-0"]
[WhiteElo "2489"]
[BlackElo "1703"]
[PlyCount "53"]
[EventDate "2014.03.29"]
[EventType "swiss"]
[EventRounds "9"]

1. d4 d5 2. c4 e6 3. Nf3 Nf6 4. g3 Bd6 5. Bg2 O-O 6. O-O b6 7. cxd5 exd5 8. Nc3
Bb7 9. Bg5 h6 10. Bxf6 Qxf6 11. Qb3 Qe6 12. Ne1 Re8 13. Nxd5 Qxe2 14. Nf6+ gxf6
15. Bxb7 Nd7 16. Bxa8 Rxa8 17. Nc2 Qe6 18. Qf3 Rd8 19. Rfe1 Qc4 20. Ne3 Qd3 21.
Rad1 Qg6 22. Nf5 Nf8 23. Re4 h5 24. Rh4 Nh7 25. Rxh5 Ng5 26. Qg4 Re8 27. Rh6
1-0

[Event "SSkopje MKD"]
[Site "SSkopje MKD"]
[Date "2014.03.30"]
[Round "2.66"]
[White "Zugaj, Fjodor"]
[Black "Zlatanovic, Boroljub"]
[Result "0-1"]
[WhiteElo "2194"]
[BlackElo "2398"]
[PlyCount "66"]
[EventDate "2014.03.29"]
[EventType "swiss"]
[EventRounds "9"]

1. Nf3 Nf6 2. g3 g6 3. Bg2 Bg7 4. O-O O-O 5. c4 c5 6. d4 d6 7. Nc3 Nc6 8. dxc5
dxc5 9. Be3 Be6 10. Bxc5 Qa5 11. b4 Nxb4 12. Bxe7 Rfe8 13. Bxf6 Bxf6 14. Ne4
Bg7 15. Rb1 Bxc4 16. Nd6 Bxe2 17. Qb3 Qxa2 18. Qxb4 Bxf1 19. Rxf1 Bf8 20. Qf4
Bxd6 21. Qxd6 Rad8 22. Qf6 Qe6 23. Qa1 a6 24. Re1 Qd6 25. Rb1 b5 26. h4 Re2 27.
Ng5 Qd4 28. Rf1 Rxf2 29. Kh2 Qxa1 30. Rxa1 Rdd2 31. Rg1 Rc2 32. Nh3 Rfd2 33. h5
b4 0-1

[Event "SSkopje MKD"]
[Site "SSkopje MKD"]
[Date "2014.03.30"]
[Round "2.67"]
[White "Atakisi, Umut"]
[Black "Oltian, Vata"]
[Result "1-0"]
[WhiteElo "2340"]
[BlackElo "2022"]
[PlyCount "47"]
[EventDate "2014.03.29"]
[EventType "swiss"]
[EventRounds "9"]

1. e4 d6 2. d4 Nf6 3. Nc3 e5 4. Nf3 exd4 5. Nxd4 Be7 6. g3 O-O 7. Bg2 c5 8. Nf5
Bxf5 9. exf5 Nc6 10. O-O Qd7 11. g4 h6 12. f4 Nh7 13. Nd5 Rfe8 14. c3 Bh4 15.
Qd3 Rab8 16. Be3 b5 17. Rad1 c4 18. Qd2 a5 19. Kh1 h5 20. Nb6 Qc7 21. Nd5 Qd7
22. Nb6 Qc7 23. g5 Ne7 24. Nd5 1-0

[Event "SSkopje MKD"]
[Site "SSkopje MKD"]
[Date "2014.03.30"]
[Round "2.68"]
[White "Manova, Ivana"]
[Black "Yildiz, Betul Cemre"]
[Result "0-1"]
[WhiteElo "1589"]
[BlackElo "2337"]
[PlyCount "38"]
[EventDate "2014.03.29"]
[EventType "swiss"]
[EventRounds "9"]

1. e4 e5 2. Nf3 Nc6 3. d4 exd4 4. Nxd4 Bc5 5. Be3 Qf6 6. c3 Nge7 7. Bc4 O-O 8.
O-O b6 9. Kh1 Bb7 10. f3 Rad8 11. Nc2 Ne5 12. Bb3 Ba6 13. Bxc5 bxc5 14. Re1 Nd3
15. Qe2 Nxe1 16. Qxe1 d5 17. exd5 Nxd5 18. Qf2 c4 19. Ba4 Nb6 0-1

[Event "SSkopje MKD"]
[Site "SSkopje MKD"]
[Date "2014.03.30"]
[Round "2.70"]
[White "Uzumcu, Ahmet Utku"]
[Black "Piskur, Mitja"]
[Result "1-0"]
[WhiteElo "1681"]
[BlackElo "2285"]
[PlyCount "123"]
[EventDate "2014.03.29"]
[EventType "swiss"]
[EventRounds "9"]

1. e4 d5 2. exd5 Qxd5 3. Nc3 Qd8 4. d4 Nf6 5. Nf3 Bg4 6. Be2 c6 7. Bg5 Nbd7 8.
h3 Be6 9. Qd2 a5 10. a4 Nb6 11. b3 Bf5 12. Bd3 Qc8 13. O-O h6 14. Bf4 Nbd5 15.
Nxd5 Nxd5 16. Be5 h5 17. Nh4 Bxd3 18. Qxd3 Nb4 19. Qe4 Qe6 20. c4 f6 21. Qg6+
Qf7 22. Bc7 Qxg6 23. Nxg6 Rh6 24. Nxf8 Kxf8 25. Rad1 Kf7 26. Rfe1 Rhh8 27. Re4
e6 28. Rde1 Rhe8 29. R1e2 g5 30. g3 Ra6 31. Bd6 Raa8 32. Bc7 Nd3 33. R4e3 Nb4
34. Re4 Na6 35. Bb6 Nb8 36. d5 e5 37. Bc7 Na6 38. Bb6 cxd5 39. cxd5 Nb4 40. Rd2
f5 41. Rc4 Re7 42. Rc5 Rd7 43. Bxa5 Na6 44. Rc4 e4 45. Bb6 Re8 46. b4 Rd6 47.
Be3 Rg6 48. Kf1 h4 49. b5 Nb8 50. Rc7+ Kg8 51. Rxb7 Rc8 52. Ba7 Rc1+ 53. Ke2 g4
54. Bxb8 gxh3 55. gxh4 Rgg1 56. Ke3 Rg4 57. Bh2 Re1+ 58. Re2 f4+ 59. Kd2 Rh1
60. Rxe4 Rg7 61. Rxg7+ Kxg7 62. Bxf4 1-0

[Event "SSkopje MKD"]
[Site "SSkopje MKD"]
[Date "2014.03.30"]
[Round "2.71"]
[White "Peralta, Fernando"]
[Black "Jorgensen, Line Jin"]
[Result "1-0"]
[WhiteElo "2613"]
[BlackElo "1923"]
[PlyCount "53"]
[EventDate "2014.03.29"]
[EventType "swiss"]
[EventRounds "9"]

1. d4 d5 2. c4 e6 3. Nc3 Nf6 4. cxd5 exd5 5. Bg5 c6 6. Qc2 Be7 7. e3 O-O 8. Bd3
h6 9. Bh4 b6 10. Nf3 Nbd7 11. O-O Bb7 12. Rad1 a6 13. Ne5 g5 14. Bg3 Nh5 15.
Nxd7 Qxd7 16. Bf5 Qd8 17. e4 Nxg3 18. fxg3 Kg7 19. Qf2 Bc8 20. exd5 Bxf5 21.
Qxf5 c5 22. dxc5 Bxc5+ 23. Kh1 Ra7 24. Ne4 Qd7 25. Qe5+ Kg6 26. Rf6+ Kh7 27.
Rxh6+ 1-0

[Event "SSkopje MKD"]
[Site "SSkopje MKD"]
[Date "2014.03.30"]
[Round "2.72"]
[White "Bogdanovski, Vlatko"]
[Black "Georgieva, Emilia"]
[Result "1-0"]
[WhiteElo "2447"]
[BlackElo "1921"]
[PlyCount "75"]
[EventDate "2014.03.29"]
[EventType "swiss"]
[EventRounds "9"]

1. d4 c6 2. c4 d5 3. Nc3 Nf6 4. Nf3 a6 5. a4 e6 6. Bg5 h6 7. Bh4 Be7 8. e3 b6
9. Bd3 Bb7 10. O-O Nbd7 11. cxd5 cxd5 12. Rc1 Ne4 13. Bxe7 Qxe7 14. Qb3 O-O 15.
Rc2 f5 16. Na2 Rfc8 17. Rfc1 Qd8 18. Nb4 a5 19. Nc6 Rxc6 20. Rxc6 Nec5 21.
R6xc5 bxc5 22. Qxb7 c4 23. Bc2 Rb8 24. Qa6 Kf7 25. Qd6 Qe8 26. Rb1 Kf6 27. Ne5
Nxe5 28. Qxe5+ Kf7 29. Qc7+ Kf6 30. Qxa5 h5 31. Qc3 h4 32. h3 g5 33. f3 Qh5 34.
e4 Qf7 35. Re1 fxe4 36. fxe4 Kg7 37. Rf1 Qe7 38. e5 1-0

[Event "SSkopje MKD"]
[Site "SSkopje MKD"]
[Date "2014.03.30"]
[Round "2.73"]
[White "Berisha, Enver"]
[Black "Serefidou, Despina"]
[Result "1-0"]
[WhiteElo "2236"]
[BlackElo "1916"]
[PlyCount "55"]
[EventDate "2014.03.29"]
[EventType "swiss"]
[EventRounds "9"]

1. d4 Nf6 2. c4 e6 3. Nc3 Bb4 4. e3 O-O 5. Bd3 d5 6. Nge2 dxc4 7. Bxc4 e5 8. a3
Bxc3+ 9. bxc3 c5 10. O-O Nc6 11. Bb2 Qc7 12. Ba2 Na5 13. a4 Rd8 14. Qc1 b6 15.
c4 exd4 16. exd4 cxd4 17. Nxd4 Ng4 18. Nf3 Rd3 19. Re1 Be6 20. Qg5 f6 21. Qh4
Qf7 22. Bb1 Rad8 23. Bxd3 Rxd3 24. h3 Nxc4 25. hxg4 Nxb2 26. g5 Rd6 27. a5 b5
28. Qb4 1-0

[Event "SSkopje MKD"]
[Site "SSkopje MKD"]
[Date "2014.03.30"]
[Round "2.74"]
[White "Batkoski, Nenad"]
[Black "Jefic, Srdjan"]
[Result "0-1"]
[WhiteElo "1897"]
[BlackElo "2214"]
[PlyCount "64"]
[EventDate "2014.03.29"]
[EventType "swiss"]
[EventRounds "9"]

1. e4 c5 2. Nf3 e6 3. c3 d5 4. e5 Ne7 5. d4 Nd7 6. Bd3 Nc6 7. Ng5 Be7 8. Qg4
cxd4 9. cxd4 Nb4 10. Bxh7 Nf8 11. a3 Nxh7 12. Nxh7 Nd3+ 13. Kd2 Nxc1 14. Qxg7
Nb3+ 15. Kc3 Rxh7 16. Qg8+ Bf8 17. Kxb3 Qb6+ 18. Ka2 Rg7 19. Qh8 Qxd4 20. Nc3
Qc4+ 21. Kb1 d4 22. Qh4 Qd3+ 23. Ka2 Rh7 24. Qe4 Qxe4 25. Nxe4 Be7 26. Rad1 Bd7
27. Rxd4 O-O-O 28. Nd6+ Bxd6 29. Rxd6 Bc6 30. Rxd8+ Kxd8 31. f3 Rg7 32. Rd1+
Bd5+ 0-1

[Event "SSkopje MKD"]
[Site "SSkopje MKD"]
[Date "2014.03.30"]
[Round "2.75"]
[White "Petrov, Georgi"]
[Black "Angjelovski, Daniel"]
[Result "1-0"]
[WhiteElo "2210"]
[BlackElo "1913"]
[PlyCount "85"]
[EventDate "2014.03.29"]
[EventType "swiss"]
[EventRounds "9"]

1. c4 Nf6 2. Nf3 e6 3. Nc3 d5 4. e3 Be7 5. b3 c5 6. cxd5 Nxd5 7. Bb2 O-O 8. Be2
Nc6 9. O-O Bf6 10. Qc1 Nxc3 11. Bxc3 e5 12. d3 Bg4 13. Rd1 Qe7 14. Bb2 Rac8 15.
a3 Rfd8 16. Qc2 h5 17. h3 Bf5 18. Rac1 b6 19. Nd2 g6 20. Ne4 Bg7 21. Rb1 Nb4
22. Qc4 Be6 23. Qc3 Nd5 24. Qc2 f5 25. Nd2 Bf7 26. Bf3 Nb4 27. axb4 cxb4 28.
Nc4 b5 29. e4 f4 30. Ra1 bxc4 31. dxc4 Qc5 32. Ra6 Kh7 33. Rd2 Qc7 34. Qd1 Bf8
35. Rxd8 Rxd8 36. Qa1 Bc5 37. Bxe5 Qd7 38. Bxf4 Qd3 39. Qf6 Rd7 40. Be5 Kh6 41.
Qg7+ Kg5 42. h4+ Kxh4 43. Qf6+ 1-0

[Event "SSkopje MKD"]
[Site "SSkopje MKD"]
[Date "2014.03.30"]
[Round "2.76"]
[White "Tairi, Krenar"]
[Black "Dragnev, Valentin"]
[Result "0-1"]
[WhiteElo "1886"]
[BlackElo "2205"]
[PlyCount "70"]
[EventDate "2014.03.29"]
[EventType "swiss"]
[EventRounds "9"]

1. d4 d5 2. c4 e6 3. Nc3 c6 4. cxd5 exd5 5. Nf3 Nf6 6. Bg5 Be7 7. Qc2 Nbd7 8.
e3 Nh5 9. Bxe7 Qxe7 10. Rb1 a5 11. a3 g6 12. Be2 Nb6 13. Qb3 Nd7 14. O-O O-O
15. Qc2 Nhf6 16. b4 axb4 17. axb4 Nb6 18. Ne5 Be6 19. Qb3 Ne4 20. Rfd1 Ra7 21.
Ra1 Rfa8 22. Ra5 Rxa5 23. bxa5 Nxc3 24. Qxc3 Na4 25. Qe1 Qc7 26. Ra1 Rxa5 27.
Bd1 b5 28. Nxc6 Ra8 29. Ne5 Bf5 30. Bb3 Be6 31. Qd1 Rb8 32. Bxa4 bxa4 33. Qxa4
Qc3 34. h3 Kg7 35. Qa5 Rb1+ 0-1

[Event "SSkopje MKD"]
[Site "SSkopje MKD"]
[Date "2014.03.30"]
[Round "2.77"]
[White "Tscharotschkin, Michael"]
[Black "Atanasov, Sande"]
[Result "1-0"]
[WhiteElo "2203"]
[BlackElo "1897"]
[PlyCount "92"]
[EventDate "2014.03.29"]
[EventType "swiss"]
[EventRounds "9"]

1. e4 d5 2. exd5 Qxd5 3. Nf3 Nc6 4. Be2 Nf6 5. O-O Bg4 6. h3 h5 7. c3 Qf5 8. d4
e6 9. Nh4 Bxe2 10. Qxe2 Qe4 11. Qxe4 Nxe4 12. Re1 Nd6 13. d5 Nd8 14. Bg5 Be7
15. Bxe7 Kxe7 16. Nd2 g5 17. Nhf3 Kf6 18. dxe6 Nxe6 19. Ne4+ Nxe4 20. Rxe4 Rad8
21. g3 Rhg8 22. Rae1 Rd3 23. Ne5 Rd6 24. R4e3 Rgd8 25. Rf3+ Kg7 26. Rxf7+ Kg8
27. Kg2 Rd1 28. Rxd1 Rxd1 29. Re7 Rd6 30. Rd7 Rb6 31. b3 Rb5 32. Nf3 Rc5 33. c4
a6 34. Rd5 g4 35. hxg4 hxg4 36. Ne5 c6 37. Rxc5 Nxc5 38. Nxg4 Nd3 39. Nf6+ Kf7
40. Ne4 b5 41. cxb5 cxb5 42. a4 b4 43. Kf3 a5 44. Ke3 Nc1 45. Nc5 Ke7 46. Kd2
Na2 1-0

[Event "SSkopje MKD"]
[Site "SSkopje MKD"]
[Date "2014.03.30"]
[Round "2.78"]
[White "Cvetkovski, Slobodan"]
[Black "Ilic, Ljubomir"]
[Result "0-1"]
[WhiteElo "1876"]
[BlackElo "2195"]
[PlyCount "90"]
[EventDate "2014.03.29"]
[EventType "swiss"]
[EventRounds "9"]

1. e4 c5 2. Nf3 e6 3. c3 d5 4. exd5 Qxd5 5. d4 cxd4 6. Qxd4 Nf6 7. Be2 Nc6 8.
Qxd5 Nxd5 9. a3 Bd6 10. b4 Nf4 11. Bf1 Ne5 12. Nxe5 Bxe5 13. Bb5+ Bd7 14. Bxd7+
Kxd7 15. Bxf4 Bxf4 16. Nd2 Rhc8 17. Rc1 a5 18. g3 Be5 19. Nb1 axb4 20. axb4 Ra2
21. O-O b5 22. Rfd1+ Ke7 23. Kf1 Rb2 24. Na3 Rxc3 25. Rxc3 Bxc3 26. Nxb5 Bxb4
27. Nd4 Bc5 28. Ne2 g5 29. h3 h5 30. Rc1 Bb6 31. Rc4 f5 32. Nd4 f4 33. gxf4
gxf4 34. Nc2 Kd6 35. Rb4 Rxc2 36. Rxb6+ Kd5 37. Kg2 e5 38. Rh6 e4 39. Rxh5+ Ke6
40. Rh4 Kf5 41. Rh8 e3 42. Rf8+ Kg5 43. h4+ Kg4 44. h5 Rxf2+ 45. Kg1 Kxh5 0-1

[Event "SSkopje MKD"]
[Site "SSkopje MKD"]
[Date "2014.03.30"]
[Round "2.79"]
[White "Ajrula, Adnan"]
[Black "Megalios, Konstantinos"]
[Result "0-1"]
[WhiteElo "1872"]
[BlackElo "2192"]
[PlyCount "44"]
[EventDate "2014.03.29"]
[EventType "swiss"]
[EventRounds "9"]

1. d4 Nf6 2. Nc3 d5 3. Bg5 Nbd7 4. e3 g6 5. Bd3 Bg7 6. Nf3 c5 7. dxc5 O-O 8.
Na4 Qa5+ 9. c3 b5 10. cxb6 axb6 11. Bc2 b5 12. b4 Qc7 13. Bf4 e5 14. Nxe5 Nxe5
15. Nc5 Nfd7 16. Qxd5 Nxc5 17. Qxa8 Ncd3+ 18. Bxd3 Nxd3+ 19. Kf1 Qxc3 20. Rd1
Qc2 21. Qf3 Bg4 22. Rxd3 Qxd3+ 0-1

[Event "SSkopje MKD"]
[Site "SSkopje MKD"]
[Date "2014.03.30"]
[Round "2.80"]
[White "Ketzetzis, Georgios"]
[Black "Nikolovska, Dragana"]
[Result "1-0"]
[WhiteElo "2183"]
[BlackElo "1880"]
[PlyCount "45"]
[EventDate "2014.03.29"]
[EventType "swiss"]
[EventRounds "9"]

1. e4 c5 2. Nf3 d6 3. d4 cxd4 4. Nxd4 Nf6 5. Nc3 Bd7 6. Be2 Bc6 7. Nxc6 Nxc6 8.
O-O e6 9. f4 Qb6+ 10. Kh1 Be7 11. Qe1 O-O 12. a3 Rac8 13. Bd3 a6 14. Qg3 Na5
15. Qh3 e5 16. Nd5 Nxd5 17. exd5 g6 18. f5 Qd8 19. Bh6 Re8 20. fxg6 hxg6 21.
Rxf7 Bf6 22. Qg4 g5 23. Qf5 1-0

[Event "SSkopje MKD"]
[Site "SSkopje MKD"]
[Date "2014.03.30"]
[Round "2.81"]
[White "Emmanouilidis, Athanasios"]
[Black "Halmeenmaki, Tuomo"]
[Result "0-1"]
[WhiteElo "1850"]
[BlackElo "2177"]
[PlyCount "108"]
[EventDate "2014.03.29"]
[EventType "swiss"]
[EventRounds "9"]

1. e4 d6 2. Nf3 Nf6 3. Nc3 g6 4. Bc4 Bg7 5. Qe2 O-O 6. d4 c6 7. a4 d5 8. exd5
Nxd5 9. Bxd5 cxd5 10. Bg5 Nc6 11. O-O Bg4 12. Qe3 Bxf3 13. Qxf3 Nxd4 14. Qd3
Ne6 15. Bh4 d4 16. Ne4 Qc7 17. Rfe1 Rac8 18. Qa3 Rfe8 19. Qb3 b6 20. Rac1 Nc5
21. Qf3 Nxe4 22. Rxe4 e5 23. Bf6 Bxf6 24. Qxf6 Qc6 25. Qxc6 Rxc6 26. f4 f6 27.
fxe5 fxe5 28. Kf2 Rec8 29. Rxe5 Rxc2+ 30. Rxc2 Rxc2+ 31. Kf3 Rxb2 32. Re7 a5
33. Rd7 Rb4 34. Rd6 Kf7 35. g4 Ke7 36. Rc6 d3 37. Ke3 Rd4 38. Kd2 Rd6 39. Rc7+
Ke6 40. Rxh7 Ke5 41. Rf7 Kd4 42. h4 Kc4 43. Rf4+ Kb3 44. g5 b5 45. Rf6 Rd4 46.
Rxg6 Rxa4 47. h5 Rh4 48. h6 a4 49. Rb6 b4 50. g6 Rxh6 51. g7 Rh2+ 52. Kxd3 Rg2
53. Rb7 a3 54. Re7 a2 0-1

[Event "SSkopje MKD"]
[Site "SSkopje MKD"]
[Date "2014.03.30"]
[Round "2.82"]
[White "Thiel, Kuno"]
[Black "Vukelic, Zvonimir"]
[Result "1-0"]
[WhiteElo "2168"]
[BlackElo "1875"]
[PlyCount "83"]
[EventDate "2014.03.29"]
[EventType "swiss"]
[EventRounds "9"]

1. Nf3 Nf6 2. c4 d6 3. d4 c6 4. Nc3 d5 5. e3 Bg4 6. h3 Bh5 7. cxd5 Nxd5 8. Qb3
Nxc3 9. bxc3 Qb6 10. Ne5 e6 11. Rb1 Qxb3 12. Rxb3 f6 13. g4 fxe5 14. gxh5 exd4
15. cxd4 b5 16. Bg2 a6 17. Ke2 Bd6 18. Bd2 Ra7 19. Rc1 Rc7 20. e4 Kd7 21. e5
Be7 22. Rg3 Rg8 23. Be4 g6 24. hxg6 hxg6 25. Rxg6 Rcc8 26. Rcg1 Rxg6 27. Rxg6
Rh8 28. Rg7 Kd8 29. Ba5+ Ke8 30. Bg6+ Kd7 31. Bb4 c5 32. Bxc5 Nc6 33. Be4 Nxd4+
34. Bxd4 Rh4 35. f3 Rxh3 36. Bc5 Rh2+ 37. Kd3 Rxa2 38. Bxe7 Kc7 39. Bc5+ Kc8
40. Bd6 Ra1 41. Bc6 Rc1 42. Rg8# 1-0

[Event "SSkopje MKD"]
[Site "SSkopje MKD"]
[Date "2014.03.30"]
[Round "2.83"]
[White "Forsaa, Elise"]
[Black "Brzezinski, Adam"]
[Result "0-1"]
[WhiteElo "1830"]
[BlackElo "2165"]
[PlyCount "78"]
[EventDate "2014.03.29"]
[EventType "swiss"]
[EventRounds "9"]

1. e4 e6 2. d4 d5 3. Nc3 Bb4 4. e5 c5 5. a3 Bxc3+ 6. bxc3 Qa5 7. Bd2 Qa4 8. Be3
Nc6 9. f4 c4 10. Ra2 Nge7 11. Nh3 Bd7 12. Be2 O-O-O 13. Qb1 Nf5 14. Bd2 Qa5 15.
Nf2 f6 16. a4 h5 17. Rb2 b6 18. Qa2 Nfxd4 19. cxd4 c3 20. O-O cxd2 21. Rb5 Qc3
22. Rb3 Qxd4 23. Ba6+ Kc7 24. Rfb1 Na5 25. Qa3 fxe5 26. Rd3 Qxf4 27. Qc3+ Bc6
28. Nh3 Qe4 29. Nf2 d4 30. Nxe4 dxc3 31. Nxc3 e4 32. Re3 Bxa4 33. Nd1 Rhf8 34.
Rb4 Bc6 35. Rc3 Kb8 36. Ra3 Nb7 37. Rc3 Rd6 38. Rbc4 Nc5 39. h3 Bd5 0-1

[Event "SSkopje MKD"]
[Site "SSkopje MKD"]
[Date "2014.03.30"]
[Round "2.84"]
[White "Aydin, Kaan Ayhan"]
[Black "Kralevski, Aleksander"]
[Result "1-0"]
[WhiteElo "1795"]
[BlackElo "2162"]
[PlyCount "49"]
[EventDate "2014.03.29"]
[EventType "swiss"]
[EventRounds "9"]

1. d4 d5 2. Bg5 h6 3. Bh4 c5 4. dxc5 Qa5+ 5. Nc3 e6 6. e4 Bxc5 7. exd5 Qb4 8.
dxe6 Nc6 9. exf7+ Kxf7 10. Qf3+ Nf6 11. Bxf6 Bg4 12. Qd5+ Kxf6 13. Be2 Rad8 14.
Qxc5 Rhe8 15. Qxb4 Nxb4 16. Kf1 Bxe2+ 17. Ngxe2 Nxc2 18. Rd1 Rxd1+ 19. Nxd1 Rd8
20. Nec3 b5 21. Ke2 b4 22. Ne4+ Ke5 23. f3 a5 24. Ne3 Nd4+ 25. Kf2 1-0

[Event "SSkopje MKD"]
[Site "SSkopje MKD"]
[Date "2014.03.30"]
[Round "2.85"]
[White "Krstev, Emil"]
[Black "Golubovic, Tomislav"]
[Result "1-0"]
[WhiteElo "2156"]
[BlackElo "1855"]
[PlyCount "95"]
[EventDate "2014.03.29"]
[EventType "swiss"]
[EventRounds "9"]

1. b4 e5 2. Bb2 d6 3. e4 Nf6 4. Nc3 Be6 5. Nf3 h6 6. d4 exd4 7. Nxd4 Bg4 8. f3
Bh5 9. Bc4 Nbd7 10. Qe2 Nb6 11. Bb3 Bg6 12. O-O-O Be7 13. e5 Nh5 14. exd6 cxd6
15. Rhe1 Kf8 16. g3 a6 17. f4 Nf6 18. f5 Bh5 19. Nf3 Qc7 20. h3 Bxf3 21. Qxf3
Rc8 22. Re2 Nc4 23. Bxc4 Qxc4 24. Qxb7 Rc7 25. Qa8+ Rc8 26. Qa7 Rc7 27. Qd4
Qxd4 28. Rxd4 Nh5 29. g4 Nf6 30. Nd5 Nxd5 31. Rxd5 f6 32. Ra5 Kf7 33. Rxa6 Rhc8
34. b5 Rb8 35. a4 Rbb7 36. Ba3 Ra7 37. Rxa7 Rxa7 38. Re4 Bf8 39. b6 Ra8 40. Re6
d5 41. Bxf8 Kxf8 42. b7 Rb8 43. Rb6 Ke7 44. a5 Kd7 45. a6 Kc7 46. a7 Rxb7 47.
a8=Q Rxb6 48. Qxd5 1-0